Complete Companion for JEE Main 2020 Mathemaatics/ (Record no. 205529)

MARC details
000 -LEADER
fixed length control field 00686nam a22002177a 4500
005 - DATE AND TIME OF LATEST TRANSACTION
control field 20240904114426.0
010 ## - LCCN (DPL NO)
LC control number ENG-141626
020 ## - INTERNATIONAL STANDARD BOOK NUMBER
International Standard Book Number 9789353435097
Terms of availability 550.00
035 ## - SYSTEM CONTROL NUMBER
System control number EN-125158
037 ## - SOURCE OF ACQUISITION
Source of stock number/acquisition DBAD
082 ## - DEWEY DECIMAL CLASSIFICATION NUMBER
Classification number 510
Edition number 5
100 ## - MAIN ENTRY--PERSONAL NAME
Personal name Khattar Dinesh
245 ## - TITLE STATEMENT
Title Complete Companion for JEE Main 2020 Mathemaatics/
Statement of responsibility, etc By Dinesh Khattar [and] Rohan Sinha
250 ## - EDITION STATEMENT
Edition statement 5
260 ## - PUBLICATION, DISTRIBUTION, ETC. (IMPRINT)
Place of publication, distribution, etc Noida
Name of publisher, distributor, etc Pearson
Date of publication, distribution, etc 2020
270 ## - ADDRESS
Address 15th Floor, Tower B, Worls Trade Tower, Plot No.1, Block -C
City Noida (UP)
Postal code 201301
300 ## - PHYSICAL DESCRIPTION
Extent Various Pages
Dimensions 25cm(pb)
Other physical details ill.
490 ## - SERIES STATEMENT
Volume number/sequential designation Vol 1
700 ## - ADDED ENTRY--PERSONAL NAME
Personal name Sinha, Rohan
Relator term Author
9 (RLIN) 70977
942 ## - ADDED ENTRY ELEMENTS (KOHA)
Source of classification or shelving scheme Dewey Decimal Classification
Item type English Books
Classification part 510
Call number suffix KHA
Edition 5
Holdings
Withdrawn status Lost status Materials specified (bound volume or other part) Not for loan Collection code Home library Current library Date acquired Source of acquisition Cost, normal purchase price Full call number Barcode Copy number Cost, replacement price Koha item type
    VOL-1   Non-fiction Shahdara Branch Shahdara Branch 04/09/2024 Delivery of Books Act Division 550.00 510 KHA EN-125158 1 550.00 English Books

© Delhi Public Library
Hit Counter
free hit counter